000 01167nam a22003017a 4500
003 CHAP
005 20220329143721.0
008 110404s1968 mx a r 00010 spa d
010 _a100846
011 _a101818
035 _a112506
040 _cCHAP
082 0 4 _a539.72112
_bAn23
100 1 _aAnderson, David L.
_95566
245 1 3 _aEl descubrimiento del electrón
_c/por David L. Anderson
246 3 _iLa portada dice:
_aEl descubrimiento del electrón :
_bel desarrollo del concepto atómico de la electricidad
260 _aMéxico, D.F. :
_bReverte,
_c1968
300 _a162 p. :
_bilus., tablas
490 0 _aVan Nostrand momentum books
_v; 3
534 _pTít. original :
_tThe discovery of the electron (the development of the atomic concept of electricity)
_cPrincepton, N. J. : D. Van Nostrand Company, c1964.
590 _aBATCH-UPD
_b10
_c20130110
_lUCH01
_h0935
590 _aCONVERSION
_b10
_c20130109
_lUCH01
_h1356
650 1 4 _aElectrones.
_936239
830 0 _aVan Nostrand momentum books
_v; 3
_9117789
901 _aBK
942 _cLIBRO
949 _a539.72112 An23
_bBC
_cLIBRO
_d33724002236446
_eLIBRO
_gDonaciØn
_h114587
_i112506
_sb
_t$25.00
999 _c100846
_d100846